000 01926nam a2200433Ia 4500
001 690620162
003 OCoLC
005 20150408114015.0
006 m d
007 cr cn|||||||||
008 101208s2011 nju sbf 001 0 eng d
020 _a9780135138977 (electronic bk.)
020 _a0135138973 (electronic bk.)
035 _a(OCoLC)690620162
037 _atds332
_bTeton Data Systems
_nhttp://www.statref.com
040 _aTETON
_beng
_cTETON
050 4 _aRM170
_b.W555 2011
060 1 4 _a2010 J-935
060 1 4 _aQV 735
_bW746p 2011
082 0 4 _a615.6
_222
100 1 _aWilson, Billie Ann.
_911590
245 1 0 _aPearson intravenous drug guide 2011-2012
_cBillie Ann Wilson, Margaret T. Shannon, Kelly M. Shields.
246 3 _aIntravenous drug guide 2011-2012.
260 _aUpper Saddle River, NJ :
_bPearson,
_cc2011.
300 _axix, 744 p.
504 _aIncludes bibliographical references and index.
533 _aElectronic reproduction.
_bJackson, Wyo. :
_cTeton Data Systems,
_d2010.
_nMode of access: World Wide Web.
_nSystem requirements: Web browser.
_nTitle from title screen (viewed on Dec. 8, 2010).
_nAccess may be restricted to users at subscribing institutions.
650 0 _aInjections, Intravenous
_vHandbooks, manuals, etc.
_911591
650 0 _aDrugs
_vHandbooks, manuals, etc.
_94753
650 1 2 _aInfusions, Intravenous
_vHandbooks.
_911592
650 1 2 _aPharmaceutical Preparations
_xadministration & dosage
_vHandbooks.
_95772
655 7 _aElectronic books.
_2local.
_94135
700 1 _aShannon, Margaret T.
_911593
700 1 _aShields, Kelly M.
_911594
710 2 _aSTAT!Ref (Online service)
_911595
710 2 _aTeton Data Systems (Firm)
_911596
776 0 8 _iPrint version:
_aWilson, Billie Ann.
_tPearson intravenous drug guide 2011-2012.
_dUpper Saddle River, NJ : Pearson, c2011
_z0135138973
_w(DLC) 2010022133
_w(OCoLC)636894415.
942 _2ddc
_cBOOK
999 _c21569
_d256069